| 000 | 00000nam##2200000za#4500 |
| 001 | 9.638199 |
| 003 | CaOODSP |
| 005 | 20240209132620 |
| 007 | cr ||||||||||| |
| 008 | 150407|2001||||xxc|||||o f|0| 0 fre|d |
| 040 | |aCaOODSP|bfre |
| 043 | |an-cn--- |
| 086 | 1 |aC89-4/27-4-2001F-PDF |
| 110 | 2 |aAgence de promotion économique du Canada atlantique. |
| 245 | 10|aLes projets non commerciaux |h[ressource électronique] |
| 246 | 1 |aProgramme de développement des entreprises |
| 260 | |aMoncton - Nouveau-Brunswick : |bAgence de promotion économique du Canada atlantique |c[2001]. |
| 300 | |a1p.|bphotographies |
| 500 | |aLe n° de catalogue (C89-4/27-4-2001F) et l’ISBN (0-662-64636-3) de l'édition imprimée bilingue ont été incorrectement copiés dans cette édition électronique. |
| 590 | |a11-06-Supp|b2011-04-14 |
| 691 | 07|aOrganisme à but non lucratif|2gcpds |
| 691 | 07|aProvinces atlantiques|2gcpds |
| 775 | 08|tNon-commercial projects |w(CaOODSP)9.694016 |
| 776 | 0#|tNon-commercial projects |w(CaOODSP)9.661481 |
| 776 | 0#|tLes projets non commerciaux |w(CaOODSP)9.661482 |
| 856 | 40|ahttp://publications.gc.ca|qPDF|s193 Ko|uhttps://publications.gc.ca/collections/collection_2010/apeca-acoa/C89-4-27-4-2001-fra.pdf |